000 00829nam a2200265Ia 4500
003 OSt
005 20220923211117.0
006 a|||||r|||| 00| 0
007 ta
008 220922b |||||||| |||| 00| 0 hin d
020 _a8181434692 (hb)
024 _a230,886
037 _cTextual
040 _aARTS
_cARTS
_bhin
041 _2hin
_ahin
082 _aO152,1N71x, P6
100 _aचतुर्वेदी, पंकज
_9156263
245 0 _aएक ही चेहरा
246 _aEk hī cheharā
260 _aनई दिल्ली
_b वाणी प्रकाशन
_c2006
300 _a132पृ.
_ccm.
650 _aहिन्दी साहित्य
_9156264
942 _hO152,1N71x, P6
_cTEXL
_2CC
999 _c295413
_d295413